00526nam a2200145 i 450000100060000000300090000600500170001500700030003200800410003510000350007624500830011126000570019430000210025185201080027226378ES-MaACL20230906153431.0t|030109s1881 sp ||||1| spa d1 aArtigas y Teixidor, Primitivo.14aLos torrentes de Barcelonnette (Bajos-Alpes) / cPrimitivo Artigas y Teixidor. aMadrid : b[s.n.], c1881 (fImp. de Moreno y Rojas) a16 p. ; c24 cm. aES-MaACLjT-831-F-10 z.- Enc. en un vol. facticio conservando la enc. original z.- Ded. ms. del autor